|
|
|
|
| LEADER |
02305nam a2200565 a 4500 |
| 001 |
nkc20061639460 |
| 003 |
CZ PrNK |
| 005 |
20060331085907.0 |
| 007 |
ta |
| 008 |
060124s2005 xr ab f 000 0 cze |
| 015 |
|
|
|a cnb001639460
|
| 020 |
|
|
|a 80-7043-429-5
|q (brož.)
|
| 035 |
|
|
|a (OCoLC)83978894
|
| 040 |
|
|
|a BOA001
|b cze
|d ABA001
|
| 043 |
|
|
|a e-xr---
|b e-xr-pl
|2 czenas
|
| 072 |
|
7 |
|a 332
|x Regionální ekonomie, regionální ekonomika
|2 Konspekt
|9 4
|
| 080 |
|
|
|a 332.055.2
|2 MRF
|
| 080 |
|
|
|a 502.2
|2 MRF
|
| 080 |
|
|
|a 338
|2 MRF
|
| 080 |
|
|
|a 308
|2 MRF
|
| 080 |
|
|
|a (437.317)
|2 MRF
|
| 080 |
|
|
|a (048.8)
|2 MRF
|
| 080 |
|
|
|a (082)
|2 MRF
|
| 100 |
1 |
|
|a Dokoupil, Jaroslav,
|d 1959-
|7 jo20010086948
|4 aut
|4 edt
|
| 245 |
1 |
0 |
|a Rozvojový potenciál Plzeňského kraje /
|c Jaroslav Dokoupil, Alena Matušková a kol.
|
| 260 |
|
|
|a V Plzni :
|b Západočeská univerzita,
|c 2005
|
| 300 |
|
|
|a 198 s. :
|b il. (některé barev.), mapy ;
|c 23 cm
|
| 500 |
|
|
|a 600 výt.
|
| 500 |
|
|
|a Pod názvem: Západočeská univerzita v Plzni, Katedra geografie FPE
|
| 504 |
|
|
|a Obsahuje bibliografie
|
| 650 |
0 |
7 |
|a regionální rozvoj
|7 ph125083
|z Česko
|2 czenas
|
| 650 |
0 |
9 |
|a regional development
|z Czechia
|2 eczenas
|
| 651 |
|
7 |
|a Plzeňský kraj (Česko : 2000-)
|7 ge135835
|x přírodní poměry
|2 czenas
|
| 651 |
|
7 |
|a Plzeňský kraj (Česko : 2000-)
|7 ge135835
|x hospodářské poměry
|2 czenas
|
| 651 |
|
7 |
|a Plzeňský kraj (Česko : 2000-)
|7 ge135835
|x sociální poměry
|2 czenas
|
| 651 |
|
9 |
|a Plzeňský kraj (Czechia)
|x natural conditions
|2 eczenas
|
| 651 |
|
9 |
|a Plzeňský kraj (Czechia)
|x economic conditions
|2 eczenas
|
| 651 |
|
9 |
|a Plzeňský kraj (Czechia)
|x social conditions
|2 eczenas
|
| 655 |
|
7 |
|a studie
|7 fd133597
|2 czenas
|
| 655 |
|
7 |
|a sborníky
|7 fd163935
|2 czenas
|
| 655 |
|
9 |
|a studies
|2 eczenas
|
| 655 |
|
9 |
|a papers
|2 eczenas
|
| 700 |
1 |
|
|a Matušková, Alena,
|d 1954-
|7 jo20010086949
|4 aut
|4 edt
|
| 710 |
2 |
|
|a Západočeská univerzita.
|b Katedra geografie
|7 kn20010709210
|
| 856 |
4 |
1 |
|u http://www.digitalniknihovna.cz/mzk/uuid/uuid:2772de80-7e25-11e9-8a38-005056827e51
|y Digitalizovaný dokument
|x NDK
|
| 910 |
2 |
|
|a BOA001
|b 2-1162.688
|
| 990 |
|
|
|a BK
|
| 995 |
|
|
|a 01
|
| 991 |
|
|
|b 200603
|c NOV
|
| 996 |
6 |
|
|b 2610270950
|c 2-1162.688
|l MZK
|r Sklad / do 1 hodiny
|n 2
|p p.v.
|w 000807104
|u 000010
|a 1
|e BOA001
|j MZK50
|s P
|